000 00605nam a2200217Ia 4500
003 OSt
005 20230524133459.0
008 210423s1995 xx 000 0 und d
040 _cAL
041 _aeng
082 _a340
_223
_bRAGK
100 _aRAGHUPATHY (T N)
_9112409
245 _aKarnataka scheduled castes and scheduled tribes act 1978
260 _aBangalore
_bJagadish Publications
_c1995
300 _ax,164
_bPB
365 _b80
_cINR
650 _aLaw
_9112410
650 _aSocial Sciences
_9112411
906 _a1978 ; act ; castes ; Karnataka ; scheduled ; tribes
942 _2ddc
_cBK
999 _c172807
_d172807